000 00583nam a22001817a 4500
005 20251108175435.0
008 250721s2014 xx 000 0 ara d
082 1 4 _a398.22/ماج
100 1 _aالماجدي، خزعل
245 1 0 _aالمندالا المثولوجية في أديان وأساطير وادي الرافدين /
264 1 _aراس الخيمة :
_bدار نون للنشر،
_c2014.
300 _a237ص.
650 1 7 _aعلم الأساطير
650 1 7 _aالأديان
650 1 7 _aالتاريخ القديم
942 _2ddc
_cBK
999 _c134162
_d134162